[Event "71st MNE-ch 2019"]
[Site "Podgorica"]
[Date "2019.05.25"]
[Round "8.12"]
[White "Bacic, Kristina"]
[Black "Koljevic, Nikolina"]
[Result "1/2-1/2"]
[WhiteElo "1819"]
[BlackElo "1964"]
[Annotator "NA"]
[PlyCount "54"]
[EventDate "2019.05.18"]
[EventType "swiss"]
[EventCountry "MNE"]
[SourceTitle "playchess.com"]
[Source "ChessBase"]
[SourceQuality "1"]
[TimeControl "40/5400+30:1800+30"]

1. d4 {[%emt 0:05:10]} Nf6 {[%emt 0:00:00]} 2. e3 {[%emt 0:01:27]} e6 {[%emt 0:00:19]} 3. f4 {[%emt 0:00:21]} c5 {[%emt 0:01:29]} 4. Nf3 {[%emt 0:00:39]} b6 {[%emt 0:02:53]} 5. c3 {[%emt 0:02:10]} Bb7 {[%emt 0:01:17]} 6. Nbd2 {[%emt 0:03:49]} Be7 {[%emt 0:01:39]} 7. Bd3 {[%emt 0:04:30]} O-O {[%emt 0:03:30]} 8. O-O {[%emt 0:00:52]} d5 {[%emt 0:03:15]} 9. Ne5 {[%emt 0:03:41]} Ne4 {[%emt 0:03:14]} 10. Qf3 {[%emt 0:10:52]} f6 {[%emt 0:06:26]} 11. Ng4 {[%emt 0:02:57]} f5 {[%emt 0:02:55]} 12. Ne5 {[%emt 0:00:55]} Nd7 {[%emt 0:03:10]} 13. g4 {[%emt 0:10:20]} Ndf6 {[%emt 0:05:23]} 14. g5 {[%emt 0:01:29]} Nxd2 {[%emt 0:00:05]} 15. Bxd2 {[%emt 0:00:49]} Ne4 {[%emt 0:00:03]} 16. Be1 {[%emt 0:03:28]} Bd6 {[%emt 0:01:39]} 17. Bxe4 {[%emt 0:10:08]} dxe4 {[%emt 0:00:52]} 18. Qh5 {[%emt 0:01:01]} Bxe5 {[%emt 0:01:52]} 19. fxe5 {[%emt 0:00:53]} Qe8 {[%emt 0:03:21]} 20. Qxe8 {[%emt 0:03:57]} Raxe8 {[%emt 0:00:20]} 21. Rf4 {[%emt 0:02:29]} Rc8 {[%emt 0:06:06]} 22. Kf2 {[%emt 0:02:08]} Rfd8 {[%emt 0:02:44]} 23. Bd2 {[%emt 0:02:55]} Bc6 {[%emt 0:00:43]} 24. Rg1 {[%emt 0:03:12]} Be8 {[%emt 0:00:19]} 25. Rh4 {[%emt 0:04:38]} b5 {[%emt 0:03:34]} 26. a3 {[%emt 0:01:30]} a5 {[%emt 0:13:19]} 27. Ra1 {[%emt 0:00:20]} a4 {[%emt 0:04:55]} 1/2-1/2

[Event "71st MNE-ch 2019"]
[Site "Podgorica"]
[Date "2019.05.25"]
[Round "8.14"]
[White "Djurovic, Peko"]
[Black "Popovic, Mateja"]
[Result "1-0"]
[WhiteElo "1898"]
[BlackElo "1436"]
[Annotator "NA"]
[PlyCount "37"]
[EventDate "2019.05.18"]
[EventType "swiss"]
[EventCountry "MNE"]
[SourceTitle "playchess.com"]
[Source "ChessBase"]
[SourceQuality "1"]
[TimeControl "40/5400+30:1800+30"]

1. e4 {[%emt 0:00:00]} e5 {[%emt 0:00:00]} 2. Nf3 {[%emt 0:00:00]} Nc6 {[%emt 0:00:00]} 3. Bb5 {[%emt 0:00:00]} d6 {[%emt 0:00:15]} 4. d4 {[%emt 0:00:00]} exd4 {[%emt 0:00:11]} 5. Nxd4 {[%emt 0:00:02]} Bd7 {[%emt 0:00:05]} 6. Nc3 {[%emt 0:00:21]} Nf6 {[%emt 0:00:23]} 7. O-O {[%emt 0:00:10]} g6 {[%emt 0:00:10]} 8. Bg5 {[%emt 0:00:33]} Be7 {[%emt 0:00:59]} 9. Nd5 {[%emt 0:01:10]} O-O {[%emt 0:16:27]} 10. Nxe7+ {[%emt 0:00:19]} Qxe7 {[%emt 0:00:09]} 11. Bxc6 {[%emt 0:00:07]} bxc6 {[%emt 0:00:48]} 12. Qf3 {[%emt 0:00:45]} Kg7 {[%emt 0:01:46]} 13. Qf4 {[%emt 0:03:57]} Rfe8 {[%emt 0:01:18]} 14. Rae1 {[%emt 0:00:47]} c5 {[%emt 0:02:44]} 15. Ne2 {[%emt 0:01:26]} Qe5 {[%emt 0:14:36]} 16. Qh4 {[%emt 0:01:54]} Nxe4 {[%emt 0:05:03]} 17. Bh6+ {[%emt 0:02:58]} Kg8 {[%emt 0:01:54]} 18. Ng3 {[%emt 0:01:36]} Qf6 {[%emt 0:00:09]} 19. Rxe4 {[%emt 0:00:12]} 1-0

[Event "71st MNE-ch 2019"]
[Site "Podgorica"]
[Date "2019.05.25"]
[Round "8.15"]
[White "Petrovic, Slavko"]
[Black "Stankovic, Zarko"]
[Result "0-1"]
[WhiteElo "1945"]
[BlackElo "2218"]
[Annotator "NA"]
[PlyCount "114"]
[EventDate "2019.05.18"]
[EventType "swiss"]
[EventCountry "MNE"]
[SourceTitle "playchess.com"]
[Source "ChessBase"]
[SourceQuality "1"]
[TimeControl "40/5400+30:1800+30"]

1. e4 {[%emt 0:00:00]} c5 {[%emt 0:00:00]} 2. Ne2 {[%emt 0:00:19]} e6 {[%emt 0:00:46]} 3. d4 {[%emt 0:00:28]} cxd4 {[%emt 0:00:02]} 4. Nxd4 {[%emt 0:00:19]} Nc6 {[%emt 0:01:08]} 5. Nb5 {[%emt 0:00:44]} d6 {[%emt 0:00:12]} 6. Bf4 {[%emt 0:01:02]} e5 {[%emt 0:00:26]} 7. Be3 {[%emt 0:00:38]} Nf6 {[%emt 0:00:13]} 8. Bd3 {[%emt 0:03:15] B44: Sicilian: Taimanov: 5 Nb5} (8. Bg5 Be6 9. c4 Be7 10. N1c3 O-O 11. Be2 a6 12. Na3 Nxe4 13. Bxe7 Nxc3 14. Bxd8 Nxd1 15. Bc7 Nxb2 16. Bxd6 Rfd8 {0-1 (27) Leko,P (2730)-Grischuk,A (2783) Beijing 2013}) 8... a6 {[%emt 0:01:25]} 9. N5a3 {[%emt 0:07:24]} d5 {[%emt 0:02:11]} 10. exd5 {[%emt 0:05:34]} Qxd5 $146 {[%emt 0:01:53]} ({Predecessor:} 10... Nxd5 11. Be4 Nxe3 12. Bxc6+ bxc6 13. Qxd8+ Kxd8 14. fxe3 Bf5 15. Nc4 f6 {0-1 (52) Leinemann,V (1425)-Horstmann,A (1751) Braunfels 2015}) 11. O-O {[%emt 0:00:45]} Bg4 {[%emt 0:03:48]} 12. f3 {[%emt 0:03:52]} Bc5 {[%emt 0:00:47]} 13. Qe1 {[%emt 0:01:22]} Bxe3+ {[%emt 0:02:14]} 14. Qxe3 {[%emt 0:00:11]} Be6 {[%emt 0:01:21]} 15. Nc4 {[%emt 0:12:35]} Nd7 {[%emt 0:01:49]} 16. Nc3 {[%emt 0:07:50]} Qc5 {[%emt 0:01:50]} 17. Rfe1 {[%emt 0:05:00]} O-O-O {[%emt 0:07:51]} 18. Ne4 {[%emt 0:12:44]} Qe7 {[%emt 0:04:10]} 19. Nb6+ {[%emt 0:09:07]} Nxb6 {[%emt 0:08:28]} 20. Qxb6 {[%emt 0:01:24]} Qc7 {[%emt 0:00:27]} 21. Qxc7+ {[%emt 0:06:26]} Kxc7 {[%emt 0:00:01]} 22. Kf2 {[%emt 0:00:20]} h6 {[%emt 0:00:55]} 23. Nc5 {[%emt 0:00:52]} Bc8 {[%emt 0:01:27]} 24. Be4 {[%emt 0:07:09]} Rd2+ {[%emt 0:06:24]} 25. Re2 {[%emt 0:03:25]} Rhd8 {[%emt 0:00:51]} 26. Rae1 {[%emt 0:02:37]} Rxe2+ {[%emt 0:04:19]} 27. Rxe2 {[%emt 0:00:28]} Rd1 {[%emt 0:02:50]} 28. c3 {[%emt 0:01:30]} f6 {[%emt 0:00:30]} 29. Bc2 {[%emt 0:02:18]} Rh1 {[%emt 0:02:24]} 30. Kg3 {[%emt 0:00:08]} b6 {[%emt 0:00:16]} 31. Nb3 {[%emt 0:00:19]} Be6 {[%emt 0:00:35]} 32. Rd2 {[%emt 0:00:14]} a5 {[%emt 0:01:08]} 33. Rd1 {[%emt 0:00:50]} Rxd1 {[%emt 0:01:01]} 34. Bxd1 {[%emt 0:00:04]} Kd6 {[%emt 0:00:40]} 35. Bc2 {[%emt 0:00:52]} f5 {[%emt 0:00:33]} 36. Kf2 {[%emt 0:00:16]} g5 {[%emt 0:02:11]} 37. g3 {[%emt 0:00:13]} f4 {[%emt 0:02:36]} 38. Nc1 {[%emt 0:00:35]} Bc4 {[%emt 0:00:32]} 39. a3 {[%emt 0:01:25]} Ne7 {[%emt 0:02:47]} 40. Be4 {[%emt 0:01:33]} a4 {[%emt 0:00:00]} 41. Bc2 {[%emt 0:03:40]} b5 {[%emt 0:02:53]} 42. Be4 {[%emt 0:01:43]} Ng8 {[%emt 0:06:17]} 43. g4 {[%emt 0:02:42]} Nf6 {[%emt 0:00:15]} 44. Bb7 {[%emt 0:08:22]} h5 {[%emt 0:05:02]} 45. h3 {[%emt 0:02:29]} h4 {[%emt 0:00:47]} 46. Kg2 {[%emt 0:02:57]} Nd7 {[%emt 0:10:53]} 47. Be4 {[%emt 0:00:53]} Nc5 {[%emt 0:00:40]} 48. Bc2 {[%emt 0:00:31]} Kd5 {[%emt 0:02:33]} 49. Kf2 {[%emt 0:04:05]} e4 {[%emt 0:02:03]} 50. fxe4+ {[%emt 0:02:28]} Nxe4+ {[%emt 0:00:08]} 51. Kg2 {[%emt 0:04:02]} Nc5 {[%emt 0:02:01]} 52. Kf2 {[%emt 0:00:59]} Bb3 {[%emt 0:05:24]} 53. Bd3 $2 {[%emt 0:01:55]} (53. Bh7 Bc4 54. Bg8+ Ke5 55. Bh7) 53... Bc4 {[%emt 0:02:04]} 54. Bc2 $1 {[%emt 0:00:08]} Ke5 $19 {[%emt 0:00:44]} 55. Ke1 {[%emt 0:03:26]} f3 {[%emt 0:00:31]} 56. Kf2 {[%emt 0:00:28]} Kf4 {[%emt 0:00:03]} 57. Bf5 {[%emt 0:00:12]} Ne4+ {[%emt 0:00:48]} 0-1

[Event "71st MNE-ch 2019"]
[Site "Podgorica"]
[Date "2019.05.25"]
[Round "8.16"]
[White "Sabotic, Denis"]
[Black "Ljeskovic, Luka"]
[Result "1-0"]
[WhiteElo "1682"]
[BlackElo "1710"]
[Annotator "NA"]
[PlyCount "85"]
[EventDate "2019.05.18"]
[EventType "swiss"]
[EventCountry "MNE"]
[SourceTitle "playchess.com"]
[Source "ChessBase"]
[SourceQuality "1"]
[TimeControl "40/5400+30:1800+30"]

1. e4 {[%emt 0:00:00]} c6 {[%emt 0:02:59]} 2. d4 {[%emt 0:00:13]} d5 {[%emt 0:00:07]} 3. Nd2 {[%emt 0:00:31]} dxe4 {[%emt 0:00:10]} 4. Nxe4 {[%emt 0:00:02]} Bf5 {[%emt 0:00:08]} 5. Ng3 {[%emt 0:00:14]} Bg6 {[%emt 0:00:05]} 6. h4 {[%emt 0:00:33]} h6 {[%emt 0:00:07]} 7. Bc4 {[%emt 0:00:59]} Nf6 {[%emt 0:01:39]} 8. Nf3 {[%emt 0:00:44]} Nbd7 {[%emt 0:00:07]} 9. Bd3 {[%emt 0:02:58]} Bxd3 {[%emt 0:00:08]} 10. Qxd3 {[%emt 0:00:06]} e6 {[%emt 0:00:07]} 11. Bf4 {[%emt 0:00:25]} Nd5 {[%emt 0:00:30]} 12. Bd2 {[%emt 0:01:20]} Qc7 {[%emt 0:01:46]} 13. a3 {[%emt 0:00:36]} Nf4 {[%emt 0:02:09]} 14. Bxf4 {[%emt 0:01:40]} Qxf4 {[%emt 0:00:09]} 15. O-O {[%emt 0:02:36]} Bd6 {[%emt 0:01:35]} 16. Rfe1 {[%emt 0:01:12]} O-O-O {[%emt 0:02:14]} 17. c4 {[%emt 0:04:03]} g5 {[%emt 0:00:48]} 18. h5 {[%emt 0:03:47]} g4 {[%emt 0:00:36]} 19. Re4 {[%emt 0:00:51]} Qf6 {[%emt 0:00:10]} 20. Rxg4 {[%emt 0:01:08]} Rdg8 {[%emt 0:00:23]} 21. Ne4 {[%emt 0:02:03]} Qe7 {[%emt 0:00:32]} 22. Nxd6+ {[%emt 0:01:06]} Qxd6 {[%emt 0:00:05]} 23. Rxg8+ {[%emt 0:01:37]} Rxg8 {[%emt 0:00:07]} 24. Qh7 {[%emt 0:02:16]} Qf8 {[%emt 0:00:09]} 25. Ne5 {[%emt 0:05:32]} Nxe5 {[%emt 0:00:16]} 26. dxe5 {[%emt 0:00:02]} Rg5 {[%emt 0:00:12]} 27. Qe4 {[%emt 0:03:18]} Rxh5 {[%emt 0:00:39]} 28. b4 {[%emt 0:00:40]} Qe7 {[%emt 0:05:16]} 29. g3 {[%emt 0:06:25]} Rg5 {[%emt 0:03:04]} 30. Kg2 {[%emt 0:01:14]} h5 {[%emt 0:00:17]} 31. Rh1 {[%emt 0:00:40]} Rg4 {[%emt 0:03:19]} 32. Qe3 {[%emt 0:07:28]} Rxc4 {[%emt 0:02:18]} 33. Rxh5 {[%emt 0:00:33]} b6 {[%emt 0:00:41]} 34. Qd3 {[%emt 0:00:56]} b5 {[%emt 0:00:27]} 35. Qe3 {[%emt 0:04:34]} c5 {[%emt 0:00:25]} 36. Rh8+ {[%emt 0:01:16]} Kc7 {[%emt 0:01:50]} 37. Qf3 {[%emt 0:04:59]} cxb4 {[%emt 0:01:58]} 38. axb4 {[%emt 0:01:08]} Rc6 {[%emt 0:01:42]} 39. Rc8+ {[%emt 0:01:32]} Kxc8 {[%emt 0:00:04]} 40. Qxc6+ {[%emt 0:00:00]} Kd8 {[%emt 0:00:00]} 41. Qa8+ {[%emt 0:00:52]} Kd7 {[%emt 0:00:07]} 42. Qxa7+ {[%emt 0:00:19]} Kd8 {[%emt 0:00:04]} 43. Qb8+ {[%emt 0:00:39]} 1-0

[Event "71st MNE-ch 2019"]
[Site "Podgorica"]
[Date "2019.05.26"]
[Round "9.2"]
[White "Kisic, Bozidar"]
[Black "Blagojevic, Dragisa"]
[Result "1-0"]
[WhiteElo "2200"]
[BlackElo "2499"]
[Annotator "RC"]
[PlyCount "93"]
[EventDate "2019.05.18"]
[EventType "swiss"]
[EventCountry "MNE"]
[SourceTitle "playchess.com"]
[Source "ChessBase"]
[SourceQuality "1"]
[TimeControl "40/5400+30:1800+30"]

1. d4 {[%emt 0:01:46]} d5 {[%emt 0:00:00]} 2. c4 {[%emt 0:00:31]} e6 {[%emt 0:00:00]} 3. Nc3 {[%emt 0:00:28]} c6 {[%emt 0:00:01]} 4. e3 {[%emt 0:00:23]} Nf6 {[%emt 0:00:11]} 5. Nf3 {[%emt 0:00:34]} Nbd7 {[%emt 0:00:07]} 6. Qc2 {[%emt 0:00:37]} Bd6 {[%emt 0:00:07]} 7. Be2 {[%emt 0:00:14]} O-O {[%emt 0:00:55]} 8. O-O {[%emt 0:00:12]} dxc4 {[%emt 0:00:40]} 9. Bxc4 {[%emt 0:00:13]} b5 {[%emt 0:00:08]} 10. Be2 {[%emt 0:00:11]} Bb7 {[%emt 0:00:10]} 11. e4 {[%emt 0:00:12]} e5 {[%emt 0:00:05]} 12. dxe5 {[%emt 0:00:17]} Nxe5 {[%emt 0:00:08]} 13. Nh4 {[%emt 0:00:07]} Bc5 {[%emt 0:28:48]} 14. Bg5 {[%emt 0:07:11]} Qb6 {[%emt 0:07:19]} 15. Bxf6 {[%emt 0:04:22]} gxf6 {[%emt 0:00:07]} 16. Qc1 {[%emt 0:08:21]} Ng6 {[%emt 0:12:36]} 17. Nf5 {[%emt 0:03:57]} Rfe8 {[%emt 0:04:59]} 18. h4 {[%emt 0:16:34]} Rad8 {[%emt 0:05:59]} 19. Nh6+ {[%emt 0:16:55]} Kg7 {[%emt 0:07:26]} 20. h5 {[%emt 0:05:35]} Ne7 {[%emt 0:01:51]} 21. e5 {[%emt 0:05:45]} Bd4 {[%emt 0:22:10]} 22. Ng4 {[%emt 0:07:22]} Ng8 {[%emt 0:02:15]} 23. exf6+ {[%emt 0:03:19]} Bxf6 {[%emt 0:00:35]} 24. Nxf6 {[%emt 0:07:05]} Kxf6 {[%emt 0:00:09]} 25. Qf4+ {[%emt 0:00:24]} Kg7 {[%emt 0:01:14]} 26. h6+ {[%emt 0:00:30]} Kf8 {[%emt 0:00:30]} 27. Bh5 {[%emt 0:00:30]} Re7 {[%emt 0:00:30]} 28. Rad1 {[%emt 0:03:09]} Rxd1 {[%emt 0:02:53]} 29. Rxd1 {[%emt 0:00:43]} c5 {[%emt 0:01:34]} 30. Rd6 {[%emt 0:02:14]} Qc7 {[%emt 0:00:36]} 31. Nxb5 {[%emt 0:01:43]} Qa5 {[%emt 0:00:05]} 32. Nc3 {[%emt 0:01:13]} c4 {[%emt 0:00:20]} 33. Be2 {[%emt 0:01:31]} Qc7 {[%emt 0:01:28]} 34. Qg3 {[%emt 0:00:36]} f5 {[%emt 0:00:24]} 35. Bxc4 {[%emt 0:01:12]} Nxh6 {[%emt 0:00:29]} 36. Rf6+ {[%emt 0:00:46]} Nf7 {[%emt 0:00:12]} 37. Qxc7 {[%emt 0:00:40]} Rxc7 {[%emt 0:00:04]} 38. Rxf7+ {[%emt 0:00:35]} Rxf7 {[%emt 0:00:04]} 39. Bxf7 {[%emt 0:00:03]} Kxf7 {[%emt 0:00:05]} 40. f4 {[%emt 0:00:00]} a5 {[%emt 0:00:00]} 41. g3 {[%emt 0:01:48]} Kg6 {[%emt 0:04:43]} 42. Kf2 {[%emt 0:01:13]} Bc6 {[%emt 0:07:18]} 43. b3 {[%emt 0:00:36]} h6 {[%emt 0:09:55]} 44. a3 {[%emt 0:01:37]} Bb7 {[%emt 0:03:13]} 45. b4 {[%emt 0:01:38]} axb4 {[%emt 0:00:05]} 46. axb4 {[%emt 0:00:04]} Kh5 {[%emt 0:03:58]} 47. b5 {[%emt 0:02:59]} 1-0

[Event "71st MNE-ch 2019"]
[Site "Podgorica"]
[Date "2019.05.26"]
[Round "9.3"]
[White "Lekic, Dusan"]
[Black "Kalezic, Blazo"]
[Result "0-1"]
[WhiteElo "2352"]
[BlackElo "2450"]
[Annotator "RC"]
[PlyCount "60"]
[EventDate "2019.05.18"]
[EventType "swiss"]
[EventCountry "MNE"]
[SourceTitle "playchess.com"]
[Source "ChessBase"]
[SourceQuality "1"]
[TimeControl "40/5400+30:1800+30"]

1. d4 {[%emt 0:00:00]} d5 {[%emt 0:00:05]} 2. c4 {[%emt 0:00:43]} c6 {[%emt 0:01:10]} 3. Nf3 {[%emt 0:00:51]} Nf6 {[%emt 0:00:39]} 4. Nc3 {[%emt 0:00:07]} e6 {[%emt 0:00:14]} 5. Bg5 {[%emt 0:01:25]} h6 {[%emt 0:01:46]} 6. Bh4 {[%emt 0:00:07]} dxc4 {[%emt 0:00:18]} 7. e4 {[%emt 0:00:48]} g5 {[%emt 0:00:07]} 8. Bg3 {[%emt 0:00:10]} b5 {[%emt 0:00:05]} 9. Be2 {[%emt 0:02:28]} Bb7 {[%emt 0:01:08]} 10. e5 {[%emt 0:02:44]} Nd5 {[%emt 0:05:27]} 11. O-O {[%emt 0:02:37]} Nd7 {[%emt 0:09:24]} 12. Nxd5 {[%emt 0:03:40]} cxd5 {[%emt 0:02:09]} 13. Ne1 {[%emt 0:00:08]} Qb6 {[%emt 0:05:54]} 14. f4 {[%emt 0:05:03]} gxf4 {[%emt 0:05:00]} 15. Bxf4 {[%emt 0:00:37]} O-O-O {[%emt 0:05:18]} 16. a4 {[%emt 0:07:11]} a6 {[%emt 0:03:22]} 17. a5 {[%emt 0:08:26]} Qc7 {[%emt 0:02:08]} 18. Bh5 {[%emt 0:11:40]} Nb8 {[%emt 0:02:12]} 19. Bd2 {[%emt 0:08:29]} Rd7 {[%emt 0:01:31]} 20. b4 {[%emt 0:15:18]} Nc6 {[%emt 0:07:15]} 21. Nc2 {[%emt 0:00:09]} Kb8 {[%emt 0:01:26]} 22. Ra3 {[%emt 0:02:58]} f5 {[%emt 0:08:52]} 23. Rg3 {[%emt 0:13:45]} Rg7 {[%emt 0:03:04]} 24. Rff3 {[%emt 0:04:06]} Rhg8 {[%emt 0:15:09]} 25. Qf1 {[%emt 0:08:05]} Rg5 {[%emt 0:03:45]} 26. Be8 {[%emt 0:00:44]} Nd8 {[%emt 0:00:59]} 27. Bxg5 {[%emt 0:00:33]} hxg5 {[%emt 0:00:11]} 28. h3 {[%emt 0:00:36]} Qh7 {[%emt 0:00:23]} 29. Qe2 {[%emt 0:00:25]} Be7 {[%emt 0:00:49]} 30. Bxb5 {[%emt 0:00:36]} axb5 {[%emt 0:00:09]} 0-1

[Event "71st MNE-ch 2019"]
[Site "Podgorica"]
[Date "2019.05.26"]
[Round "9.4"]
[White "Draskovic, Luka"]
[Black "Kontic, Djordjije"]
[Result "1-0"]
[WhiteElo "2430"]
[BlackElo "2264"]
[Annotator "NA"]
[PlyCount "83"]
[EventDate "2019.05.18"]
[EventType "swiss"]
[EventCountry "MNE"]
[SourceTitle "playchess.com"]
[Source "ChessBase"]
[SourceQuality "1"]
[TimeControl "40/5400+30:1800+30"]

1. c4 f5 2. Nc3 Nf6 3. d4 Nc6 4. Nf3 g6 5. e3 d6 6. b3 Bg7 7. Be2 O-O 8. O-O a6 9. Bb2 Rb8 10. Rc1 h6 11. d5 Ne5 12. Qd2 g5 13. Nxe5 dxe5 14. f4 e4 15. c5 Kh8 16. Bc4 b5 17. cxb6 cxb6 18. a4 gxf4 19. Rxf4 e5 20. Rff1 Qd6 21. Qe2 Ra8 22. Ra1 Re8 23. Ba3 Qb8 24. d6 f4 25. Nd5 Bg4 26. Qc2 Qb7 27. Qd2 Rad8 28. Nxf6 Bxf6 29. Bd5 Qh7 30. exf4 exf4 31. Qxf4 Bd4+ 32. Kh1 Qg7 33. Rae1 Re5 34. Rxe4 Rf5 35. Qxf5 Bxf5 36. Rxf5 Bc5 37. Bxc5 bxc5 38. h3 Qg3 39. Re6 Kg7 40. Re7+ Kg6 41. Rf3 Qh4 42. Be4+ 1-0

[Event "71st MNE-ch 2019"]
[Site "Podgorica"]
[Date "2019.05.26"]
[Round "9.5"]
[White "Pecurica, Milos"]
[Black "Drasko, Milan"]
[Result "0-1"]
[WhiteElo "2365"]
[BlackElo "2418"]
[Annotator "NA RC"]
[PlyCount "54"]
[EventDate "2019.05.18"]
[EventType "swiss"]
[EventCountry "MNE"]
[SourceTitle "playchess.com"]
[Source "ChessBase"]
[SourceQuality "1"]
[TimeControl "40/5400+30:1800+30"]

1. c4 {[%emt 0:00:00]} e6 {[%emt 0:00:24]} 2. Nf3 {[%emt 0:00:33]} Nf6 {[%emt 0:00:31]} 3. Nc3 {[%emt 0:00:56]} Bb4 {[%emt 0:01:40]} 4. g4 {[%emt 0:01:23]} d6 {[%emt 0:07:23]} 5. g5 {[%emt 0:03:15]} Nfd7 {[%emt 0:00:14]} 6. Qc2 {[%emt 0:03:30]} Nc6 {[%emt 0:03:47]} 7. Rg1 {[%emt 0:06:46]} Qe7 {[%emt 0:11:36]} 8. a3 {[%emt 0:07:53]} Bxc3 {[%emt 0:00:08]} 9. Qxc3 {[%emt 0:00:07]} e5 {[%emt 0:02:28]} 10. b4 {[%emt 0:07:59]} O-O {[%emt 0:09:12]} 11. Bb2 {[%emt 0:02:38]} Nb6 {[%emt 0:03:29]} 12. Qc2 {[%emt 0:12:16]} Be6 {[%emt 0:03:56]} 13. e3 {[%emt 0:02:49]} f5 {[%emt 0:03:47]} 14. O-O-O {[%emt 0:13:22]} e4 {[%emt 0:04:39]} 15. d4 {[%emt 0:08:26]} exf3 {[%emt 0:08:20]} 16. d5 {[%emt 0:00:21]} Bd7 {[%emt 0:02:35]} 17. dxc6 {[%emt 0:00:10]} Bxc6 {[%emt 0:00:09]} 18. Bd3 {[%emt 0:03:29]} Ba4 {[%emt 0:08:43]} 19. Qd2 {[%emt 0:01:40]} Bxd1 {[%emt 0:00:53]} 20. Qxd1 {[%emt 0:00:03]} Qe6 {[%emt 0:02:12]} 21. g6 {[%emt 0:01:56]} hxg6 {[%emt 0:04:29]} 22. Rg3 {[%emt 0:03:52]} Nxc4 {[%emt 0:01:28]} 23. Qb3 {[%emt 0:00:15]} d5 {[%emt 0:00:26]} 24. Bxc4 {[%emt 0:00:13]} dxc4 {[%emt 0:00:06]} 25. Qc3 {[%emt 0:00:03]} Rf7 {[%emt 0:00:29]} 26. h4 {[%emt 0:00:08]} Rd8 {[%emt 0:01:21]} 27. h5 {[%emt 0:00:29]} Rd3 0-1

[Event "71st MNE-ch 2019"]
[Site "Podgorica"]
[Date "2019.05.26"]
[Round "9.6"]
[White "Nikac, Predrag"]
[Black "Popadic, Dragan"]
[Result "0-1"]
[WhiteElo "2319"]
[BlackElo "2198"]
[Annotator "NA"]
[PlyCount "114"]
[EventDate "2019.05.18"]
[EventType "swiss"]
[EventCountry "MNE"]
[SourceTitle "playchess.com"]
[Source "ChessBase"]
[SourceQuality "1"]
[TimeControl "40/5400+30:1800+30"]

1. g3 {[%emt 0:01:15]} g6 {[%emt 0:00:00]} 2. Bg2 {[%emt 0:01:06]} Bg7 {[%emt 0:00:08]} 3. d3 {[%emt 0:00:45]} d6 {[%emt 0:01:06]} 4. Nc3 {[%emt 0:02:47]} Nf6 {[%emt 0:02:11]} 5. f4 {[%emt 0:00:53]} O-O {[%emt 0:04:39]} 6. Nf3 {[%emt 0:00:14]} c5 {[%emt 0:03:12]} 7. O-O {[%emt 0:01:40]} Nc6 {[%emt 0:00:44]} 8. h3 {[%emt 0:01:24]} Bd7 {[%emt 0:01:15]} 9. g4 {[%emt 0:01:33]} Rb8 {[%emt 0:02:01]} 10. e4 {[%emt 0:02:23]} b5 {[%emt 0:00:55]} 11. f5 {[%emt 0:07:18]} Ne5 {[%emt 0:04:57]} 12. Nxe5 {[%emt 0:02:38]} dxe5 {[%emt 0:00:27]} 13. Be3 {[%emt 0:03:43]} Rc8 {[%emt 0:02:50]} 14. Qf3 {[%emt 0:08:48]} b4 {[%emt 0:04:34]} 15. Ne2 {[%emt 0:05:54]} a5 {[%emt 0:04:12]} 16. Ng3 {[%emt 0:00:42]} Ne8 {[%emt 0:06:56]} 17. a4 {[%emt 0:10:18]} c4 {[%emt 0:04:25]} 18. Qf2 {[%emt 0:00:14]} Rc6 {[%emt 0:00:52]} 19. Rfd1 {[%emt 0:07:46]} cxd3 {[%emt 0:01:56]} 20. cxd3 {[%emt 0:01:14]} Qc8 {[%emt 0:03:34]} 21. Rdc1 {[%emt 0:01:30]} Rxc1+ {[%emt 0:03:14]} 22. Rxc1 {[%emt 0:00:52]} Qa6 {[%emt 0:00:17]} 23. g5 {[%emt 0:01:54]} f6 {[%emt 0:03:59]} 24. b3 {[%emt 0:04:22]} fxg5 {[%emt 0:04:01]} 25. Bxg5 {[%emt 0:00:42]} e6 {[%emt 0:00:28]} 26. Qe2 {[%emt 0:06:49]} exf5 {[%emt 0:04:02]} 27. exf5 {[%emt 0:00:10]} gxf5 {[%emt 0:00:24]} 28. Be7 {[%emt 0:02:21]} Rf7 {[%emt 0:01:38]} 29. Bd8 {[%emt 0:04:08]} Bh6 {[%emt 0:05:38]} 30. Rc4 {[%emt 0:02:15]} Qg6 {[%emt 0:03:26]} 31. Qxe5 {[%emt 0:11:08]} Rg7 {[%emt 0:01:17]} 32. Bh4 {[%emt 0:01:56]} f4 {[%emt 0:01:57]} 33. Bd5+ {[%emt 0:01:42]} Kh8 {[%emt 0:00:22]} 34. Rxf4 {[%emt 0:00:12]} Bxf4 {[%emt 0:02:52]} 35. Qxf4 {[%emt 0:00:02]} Be6 {[%emt 0:00:30]} 36. Be4 {[%emt 0:02:20]} Qf7 {[%emt 0:00:33]} 37. Qe5 {[%emt 0:00:48]} Bxb3 {[%emt 0:02:36]} 38. Bc6 {[%emt 0:00:18]} Qe6 {[%emt 0:04:14]} 39. Qxe6 {[%emt 0:02:37]} Bxe6 {[%emt 0:00:01]} 40. Bxe8 {[%emt 0:00:00]} Kg8 {[%emt 0:00:00]} 41. Kf2 {[%emt 0:00:46]} b3 {[%emt 0:03:56]} 42. Bf6 {[%emt 0:07:34]} Rb7 {[%emt 0:03:12]} 43. Bb2 {[%emt 0:02:49]} Rc7 {[%emt 0:00:20]} 44. Ke3 {[%emt 0:03:12]} Rc2 {[%emt 0:00:17]} 45. Bd4 {[%emt 0:00:33]} b2 {[%emt 0:00:25]} 46. Bxb2 {[%emt 0:00:22]} Rxb2 {[%emt 0:00:05]} 47. h4 {[%emt 0:01:15]} Rh2 {[%emt 0:04:06]} 48. h5 {[%emt 0:01:12]} Bf7 {[%emt 0:01:34]} 49. Bc6 {[%emt 0:00:19]} Kf8 {[%emt 0:03:15]} 50. Kd4 {[%emt 0:03:54]} Be8 {[%emt 0:03:20]} 51. Be4 {[%emt 0:00:04]} Rh3 {[%emt 0:01:56]} 52. Ne2 {[%emt 0:01:40]} Rxh5 {[%emt 0:01:50]} 53. Nf4 {[%emt 0:00:03]} Rh6 {[%emt 0:01:14]} 54. Ke5 {[%emt 0:03:41]} Bxa4 {[%emt 0:01:01]} 55. d4 {[%emt 0:00:31]} Bd7 {[%emt 0:00:32]} 56. d5 {[%emt 0:00:47]} a4 {[%emt 0:00:56]} 57. d6 {[%emt 0:00:59]} a3 0-1